00721nam a2200229Ia 4500003000900000008004100009040001300050040001300063041000800076100001800084245009200102250001100194260001400205260000900219300001100228300001000239490000600249600001400255942000700269999001700276952019800293IT-RoPAU120407s9999 xx 000 0 und d aIT-RoPAU cIT-RoPAU aita aJacques Monod aIl caso e la necessità. Saggio sulla filosofia naturale della biologia contemporanea. aMilano aMondadori c1970 a163 p. c21 cm v1 a1. Titolo cBK c26687d26687 00102ddc406120_12000000000000071aPAULUSbPAULUSd2012-04-11l0o120.12r2012-04-11 00:00:00w2012-04-11yBKzInserito da: Jole In data: 12 settembre 2011 fondo: Via A.Severo 56 Progr:11996